| 000 | 00497nam a22001577a 4500 | ||
|---|---|---|---|
| 999 |
_c9241 _d9241 |
||
| 008 | 210331b ||||| |||| 00| 0 eng d | ||
| 040 | _aBMS College of Architecture | ||
| 100 | _aRojoa, Imran Ahamd Javed | ||
| 245 | _aThe four star lagoon hotel at Plaisance Mauritius | ||
| 300 | _aNA | ||
| 500 | _a1BM01AT011 | ||
| 502 |
_8B,Arch _NBMS College of Architecture, Visvesvaraya Technological University _aProject report _d2005 |
||
| 650 | _aHotel | ||
| 700 |
_aSatish Rao _eGuide |
||
| 942 |
_2ddc _cTHE |
||